• 首页
  • 本馆介绍
  • 公告通知
  • 最新文献
  • 馆藏检索
  • 电子资源
  • 读者导购
  • 参考咨询
  • 我的图书馆
  • 登录
  • 详细信息显示
  • 放入我的书架
  • 预约/预借图书
  • 作者相关作品
  • 分类相关作品
  • 丛书相关作品
  • 出版社相关作品

书目信息

  • 表格格式
  • 工作单格式
  • 卡片格式
题名:
中国现代文学名著文库
    
 
作者: 黄勇 主编 ;郁达夫 著
分册:   郁达夫
出版信息: 汕头   汕头大学出版社  2012.01
页数: 218页
开本: 23cm
丛书名:
单 册:
中图分类: I216.1
科图分类:
主题词: 文学--作品集--中国--现代 , 短篇小说--作品集--中国--现代
电子资源:
ISBN: 978-7-56580-621-6
000 00815nam0 2200253 450
001 0102100439
005 20210402100824.0
010    @a978-7-56580-621-6@dCNY29.80
100    @a20120602e20202012em y0chiy50 ea
101 0  @achi
102    @aCN@b440000
105    @ay z 000ay
106    @ar
200 1  @a中国现代文学名著文库@Azhong guo xian dai wen xue ming zhu wen ku@i郁达夫@f黄勇主编@g郁达夫著
210    @a汕头@c汕头大学出版社@d2012.01@h2020.04
215    @a218页@d23cm
330    @a本书收录了“沉沦”、“南迁”、“银灰色的死”等小说作品。
606 0  @a文学@x作品集@y中国@z现代
606 0  @a短篇小说@x作品集@y中国@z现代
690    @aI216.1@v5
701  0 @a黄勇@Ahuang yong@4主编
702  0 @a郁达夫@Ayu da fu@f(1896-1945)@4著
801  0 @aCN@bBJSZM@c20210402
905    @b1278771-5@dI216.1@e1048@f5
    
    中国现代文学名著文库.郁达夫/黄勇主编/郁达夫著.-汕头:汕头大学出版社,2012.01(2020.04)
    218页;23cm
    
    
    ISBN 978-7-56580-621-6:CNY29.80
    本书收录了“沉沦”、“南迁”、“银灰色的死”等小说作品。
●
相关链接 在E读中查询图书 在五车中查询图书 在当当中查询图书 在豆瓣中查询图书


正题名:中国现代文学名著文库     索取号:I216.1/1048         预约/预借

序号 登录号 条形码 馆藏地/架位号 状态 备注
1 1278771   212787714   第一样本阅览室/ [索取号:I216.1/1048] 在馆    
2 1278772   212787723   教育系资料室/ [索取号:I216.1/1048] 在馆    
3 1278773   212787732   教育系资料室/ [索取号:I216.1/1048] 在馆    
4 1278774   212787741   第二借阅区/ [索取号:I216.1/1048] 在馆    
5 1278775   212787750   第二借阅区/ [索取号:I216.1/1048] 在馆    
唐山师范学院图书馆 欢迎您!
大连网信软件有限公司© 版权所有